00557nam a2200205Ia 4500008004100000020001800041050001400059100001700073245002100090245002000111260001500131260001600146260000900162300001600171300002000187300001000207500000800217999001900225952010700244170918s9999 xx 000 0 und d a9780545107921 bD911 2008 aDuncan, Lois aHotel for dogs / cby Lois Duncan. aNew York : bScholastic, c2008 a178 pages : billustrations ; c19cm. a730 c344242d344242 001040aSSISMbSSISMd2017-09-18l0oGS FIC D911 2008pSSISM3314r2017-09-18 00:00:00w2017-09-18yBK